Les Meilleurs buteurs de la Premier League 2011-2012 - Statistiques

Statistiques générales
  • Ce quiz a été pris 86 fois
  • Le résultat moyen est 6 sur 11
Statistiques - réponses
Buts Nationalité Club Joueur % Correct
30 Pays-Bas Arsenal FC Robin van Persie
94%
23 Argentine Manchester City Sergio Agüero
94%
27 Angleterre Manchester United Wayne Rooney
94%
16 Sénégal Newcastle United Demba Ba
73%
14 Bosnie-Herzégovine Manchester City Edin Džeko
72%
13 Italie Manchester City Mario Balotelli
68%
17 Togo Tottenham Hotspur Emmanuel Adebayor
65%
17 États-Unis Fulham Clint Dempsey
37%
13 Sénégal Newcastle United Papiss Cissé
33%
17 Nigéria Blackburn Rovers FC Yakubu
1%
15 Angleterre Norwich City Grant Holt
0%
Aucun quiz correspondant
Distribution des résultats
% des personnes avec chaque résultat
Percentile par nombre de réponses
Votre historique - résultats
Vous n’avez pas pris ce quiz